Catálogo público

Memorias : los trabajos de campo en la educación agrícola superior / (Record no. 172395)

MARC details
000 -CABECERA
campo de control de longitud fija 01725nam a2200337Ia 4500
001 - NÚMERO DE CONTROL
campo de control dia_1858
003 - IDENTIFICADOR DEL NÚMERO DE CONTROL
campo de control CHAP
005 - FECHA Y HORA DE LA ÚLTIMA TRANSACCIÓN
campo de control 20251023154121.0
008 - DATOS DE LONGITUD FIJA--INFORMACIÓN GENERAL
campo de control de longitud fija 220117s1977 xx 000 0 und d
010 ## - NÚMERO DE CONTROL DE LA BIBLIOTECA DEL CONGRESO
Número de control de LC 172395
040 ## - FUENTE DE LA CATALOGACIÓN
Centro/agencia transcriptor CHAP
082 ## - NÚMERO DE LA CLASIFICACIÓN DECIMAL DEWEY
Número de clasificación 630.717 E53 1977
111 ## - ENTRADA PRINCIPAL--NOMBRE DE CONGRESO/REUNIÓN
Nombre de congreso/reunión o jurisdicción como elemento de entrada Encuentro Nacional sobre Vinculación de la Educación con la Comunidad Rural (1977 may. 18-20 : Chapingo, México)
9 (RLIN) 151719
245 ## - MENCIÓN DE TÍTULO
Título Memorias : los trabajos de campo en la educación agrícola superior /
Mención de responsabilidad, etc. Encuentro Nacional sobre Vinculación de la Educación con la Comunidad Rural ; organizado por el Departamento de Asistencia Agrícola y Agraria, E. N. A., la Asociación Mexicana de Enseñanza Agrícola Superior y el Instituto Interamericano de Ciencias Agrícolas del 18 al 20 de mayo de 1977 en Chapingo, México
260 ## - PUBLICACIÓN, DISTRIBUCIÓN, ETC.
Lugar de publicación, distribución, etc. México :
Nombre del editor, distribuidor, etc. ENA :,
-- IICA :,
-- AMEAS,
Fecha de publicación, distribución, etc. 1977
300 ## - DESCRIPCIÓN FÍSICA
Extensión 198 p.
503 ## - NOTA DE HISTORIA BIBLIOGRÁFICA (BK CF MU) [OBSOLETO]
Nota de historia bibliográfica D.
590 ## - NOTA LOCAL (RLIN)
Nota local S544 E53 1977
650 ## - PUNTO DE ACCESO ADICIONAL DE MATERIA--TÉRMINO DE MATERIA
Término de materia o nombre geográfico como elemento de entrada Agricultura
Subdivisión general Estudio y enseñanza
-- México
9 (RLIN) 149129
650 #0 - PUNTO DE ACCESO ADICIONAL DE MATERIA--TÉRMINO DE MATERIA
Término de materia o nombre geográfico como elemento de entrada Agricultural education
Subdivisión geográfica Mexico
9 (RLIN) 150107
650 ## - PUNTO DE ACCESO ADICIONAL DE MATERIA--TÉRMINO DE MATERIA
Término de materia o nombre geográfico como elemento de entrada Agriculture
Subdivisión general Study and teaching
-- Mexico
9 (RLIN) 151720
650 ## - PUNTO DE ACCESO ADICIONAL DE MATERIA--TÉRMINO DE MATERIA
Término de materia o nombre geográfico como elemento de entrada Comunidades rurales
9 (RLIN) 26254
650 ## - PUNTO DE ACCESO ADICIONAL DE MATERIA--TÉRMINO DE MATERIA
Término de materia o nombre geográfico como elemento de entrada Educación agrícola
9 (RLIN) 35491
650 ## - PUNTO DE ACCESO ADICIONAL DE MATERIA--TÉRMINO DE MATERIA
Término de materia o nombre geográfico como elemento de entrada Rural communities
9 (RLIN) 151721
710 ## - PUNTO DE ACCESO ADICIONAL--NOMBRE DE ENTIDAD CORPORATIVA
Nombre de entidad corporativa o nombre de jurisdicción como elemento de entrada Escuela Nacional de Agricultura (México) \ Asociación Mexicana de Enseñanza Agrícola Superior \ Instituto Interamericano de Ciencias Agrícolas
9 (RLIN) 151722
711 ## - PUNTO DE ACCESO ADICIONAL--NOMBRE DE REUNIÓN/CONGRESO
Nombre de congreso/reunión o jurisdicción como elemento de entrada Encuentro Nacional sobre Vinculación de la Educación con la Comunidad Rural (1977 may. 18-20 : Chapingo, México)
9 (RLIN) 151719
901 ## - ELEMENTOS DE DATOS A LOCAL LDA (RLIN)
a 630.717 E53 1977
902 ## - ELEMENTOS DE DATOS B LOCAL, LDB (RLIN)
a M
905 ## - ELEMENTOS DE DATOS E LOCAL, LDE (RLIN)
a 5232271977 mx n 8223323322spa16
942 ## - ELEMENTOS DE PUNTO DE ACCESO ADICIONAL (KOHA)
Tipo de ítem Koha Libro
Fuente del sistema de clasificación o colocación Dewey Decimal Classification
Holdings
Estado de retiro Estado de pérdida Fuente del sistema de clasificación o colocación Estado dañado No para préstamo Código de colección Localización permanente Ubicación/localización actual Ubicación en estantería Fecha de adquisición Información codificada de la localización en otra ubicación Total de préstamos Código de barras Fecha visto por última vez Número de copia Precio válido a partir de Tipo de ítem Koha
    Dewey Decimal Classification     General Ingenieria Agroindustrial Ingenieria Agroindustrial   18/01/2022 1   dia_001178 18/01/2022 1 18/01/2022 Libro